Essays on self-reference

Αποθηκεύτηκε σε:
Λεπτομέρειες βιβλιογραφικής εγγραφής
Κύριος συγγραφέας: Luhmann, Niklas, 1927-1998
Μορφή: Βιβλίο
Γλώσσα:English
Δημοσίευση: New York : Columbia University Press, c1990.
Θέματα:
Ετικέτες: Προσθήκη ετικέτας
Δεν υπάρχουν, Καταχωρήστε ετικέτα πρώτοι!

MARC

LEADER 00000cam a2200000 i 4500
001 1/33736
008 030304s1990 nyu| ||| |||| ||eng||
020 |a 0231063687 
035 |l 10069566 
040 |a GR-MyUa  |b gre  |e AACR2 
041 0 |a eng 
082 7 |a 302.2   |2 (21) 
100 1 |a Luhmann, Niklas,   |d 1927-1998. 
245 1 0 |a Essays on self-reference /   |c Niklas Luhmann.  
260 |a New York :   |b Columbia University Press,   |c c1990.  
300 |a 245 σ. ;   |c 24 εκ.  
504 |a Περιλαμβάνει βιβλιογραφικές παραπομπές.  
650 0 |a Social systems. 
650 0 |a Autopoiesis. 
650 0 |a Communication  |x Social aspects. 
852 |a INST  |b CHIOS  |e 20070809  |h 302.2 LUH  |p 005200025916  |q 005200025916  |t BK  |y 0 
852 |a INST  |b SYROS  |e 20030304  |h 302.2 LUH  |p 005500002364  |q 005500002364  |t BK  |y 0 
901 |a BIBL5-2003-1 
901 |a BIBL2-2007-2 
922 |a 5ΕΛΗ  |b 200210  |c ΤΜΣΠΣ  |d Παπασωτηρίου 
922 |a 2ΕΛΗ  |b 200707  |c ΕΠΕΑΕΚ2/ΤΔΕ  |d Ελευθερουδάκης 
950 |a 183-2002-10-19 
970 |a Μανωλαράκη  |b Μαρία  |z 14/03/2003